| 000 | 00342nam a2200121 a 4500 | ||
|---|---|---|---|
| 005 | 20140414132101.0 | ||
| 008 | 100703s19uu xx 00 eng d | ||
| 050 |
_aFIC _bB27 2000 |
||
| 100 | _aBarrie, J. M. (James Matthew), 1860-1937 | ||
| 245 |
_aPeter Pan / _cJ.M. Barrie. |
||
| 260 |
_aNew York : _bHarper Festival, _c2000. |
||
| 999 |
_c114454 _d114454 |
||